000
00284nam a2200109Ia 4500
005
20251222155202.0
008
251222s9999||||xx |||||||||||||| ||spa||
082
_a
REL.165.1-2/Ej.2
245
0
_a
SeƱor de los Milagros canciones,novelas, plegarias.
264
_b
No tiene
942
_c
LIB
999
_c
39973
_d
39973